| 000 -ლიდერი |
| ფიქსირებული სიგრძის საკონტროლო ველი |
02303nam a2200289Ia 4500 |
| 001 - საკონტროლო ნომერი |
| საკონტროლო ველი |
20756 |
| 003 - საკონტროლო ნომრის იდენტიფიკატორი |
| საკონტროლო ველი |
GE_BSU |
| 005 - ბოლო ოპერაციის თარიღი და დრო |
| საკონტროლო ველი |
20210322131315.0 |
| 008 - ფიქსირებული სიგრძის მონაცემთა ელემენტები - ზოგადი ინფორმაცია |
| ფიქსირებული სიგრძის საკონტროლო ველი |
181216s2017||||ge |||||||||||||| ||geo|| |
| 020 ## - წიგნის საერთაშორისო სტანდარტული ნომერი |
| International Standard Book Number |
9789941950155 |
| 040 ## - კატალოგიზაციის წყარო |
| Transcribing agency |
GE_BSU |
| 041 ## - ენის კოდი |
| Language code of text/sound track or separate title |
eng |
| 080 ## - უნივერსალური ათობითი კლასიფიკაციის ინდექსი |
| Universal Decimal Classification number |
821.353.1.09 ნ-16 |
| 245 ## - ცნობა სათაურის შესახებ |
| Title |
ნიკოლოზ ბარათაშვილი 200 : |
| Remainder of title |
საიუბილეო კრებული / |
| Statement of responsibility, etc |
პროექტის ავტორი და საიუბილეო კრებულის შემდგ. : ბონდო კობახიძე ; რედ. გუბაზ მეგრელიძე ; გარეკანის მხატვ. ემირ ბურჯანაძე. |
| 260 ## - გამოქვეყნების, გავრცელების, და სხვა. ცნობები |
| Place of publication, distribution, etc |
თბილისი |
| 260 ## - გამოქვეყნების, გავრცელების, და სხვა. ცნობები |
| Date of publication, distribution, etc |
2017 |
| 300 ## - ფიზიკური აღწერა |
| Extent |
743 გვ. ; |
| Dimensions |
30 სმ. |
| 500 ## - ზოგადი შენიშვნა |
| General note |
დაიბეჭდა სრულიად საქართველოს კათოლიკოს-პატრიარქის ილია II-ის ლოცვა-კურთხევით |
| 520 ## - SUMMARY, ETC. |
| Summary, etc |
კრებული ნიკოლოზ ბარათაშვილი 200 დაიბეჭდა უცხოერთში მოღვაწე, საქართველოს სახელოვანი მამულიშვილის, ცნობილი ბიზნესმენისა და ქველმოქმედის, ბატონ ავთანდილ ბარათაშვილისა და მისი ძმის, ცნობილი საზოგადო მოღვაწის, ბათუმის შოთა რუსთაველის სახელობის, ბატონ დავით ბარათაშვილის თანადგომითა და დახმარებით |
| 653 ## - INDEX TERM--UNCONTROLLED |
| Uncontrolled term |
კრებული |
| 653 ## - INDEX TERM--UNCONTROLLED |
| Uncontrolled term |
ნიკოლოზ ბარათაშვილი 200 |
| 653 ## - INDEX TERM--UNCONTROLLED |
| Uncontrolled term |
საიუბილეო კრებული |
| 700 ## - ADDED ENTRY--PERSONAL NAME |
| Personal name |
მეგრელიძე, გუბაზ |
| Relator term |
რედაქტორი |
| 9 (RLIN) |
10597 |
| 700 ## - ADDED ENTRY--PERSONAL NAME |
| Personal name |
ბურჯანაძე, ემირ |
| Relator term |
გარეკანის მხატვარი |
| 9 (RLIN) |
1924 |
| 942 ## - ADDED ENTRY ELEMENTS (KOHA) |
| Koha item type |
წიგნი |
| Source of classification or shelving scheme |
|